Statistiken für Länder nach Breiten- und Längengrad

Klicken Sie hier um das Quiz zu spielen!

Allgemein

  • Dieses Quiz wurde 41 mal gespielt
  • Das Durchschnittsergebnis liegt bei 11 aus 20

Antwortstatistiken

OrtLand% Korrekt
55°N 42°ORussland
97%
48°N 0°WFrankreich
83%
23°S 69°WChile
76%
0°N 37°OKenia
72%
39°N 140°OJapan
62%
27°N 107°WMexiko
62%
35°N 61°OIran
59%
45°N 10°OItalien
59%
27°N 4°OAlgerien
55%
7°N 126°OPhilippinen
55%
35°N 62°OAfghanistan
52%
34°N 103°OChina
48%
70°N 28°OFinnland
48%
52°N 19°OPolen
48%
36°N 62°OTurkmenistan
48%
18°S 178°OFidschi
41%
10°S 75°WPeru
41%
27°S 24°OSüdafrika
41%
18°S 144°OAustralien
38%
22°N 80°WKuba
34%

Verteilung der Resultate

Perzentil nach korrekt beantworteten Fragen

Anzahl Personen mit jedem Resultat

Ihre Resultats-Entwicklung

Sie haben dieses Quiz noch nicht gespielt